| 000 | 01171nam a22002897a 4500 | ||
|---|---|---|---|
| 003 | PE SENCICO BE | ||
| 005 | 20251020182650.0 | ||
| 008 | 240129b |||||||| |||| 00| 0 eng d | ||
| 040 |
_aPE SENCICO BE _cPE SENCICO BE |
||
| 041 | _aspa | ||
| 084 |
_aI _aDIS _a2018 _bA67 |
||
| 100 | 1 |
_91914 _aArce Balarezo, Pia Pamela _eautor |
|
| 245 | 1 |
_aDiseño interior del restaurante fusion chino - peruano / _cPia Pamela Arce Balarezo |
|
| 260 |
_aLima : _c2018 |
||
| 300 |
_a49, [90] h. _bil. col.; _c30 cm. |
||
| 500 | _aTexto en dos volúmenes. El volumen 2 contiene planos (30 x 40 cm.). | ||
| 502 | _aMonografía de Titulación.-- Servicio Nacional de Capacitación para la Industria de la Construcción. Escuela Superior Técnica. Carrera Profesional Técnica en Diseño de Interiores, 2018 | ||
| 650 | 1 | 0 |
_944 _aDiseño de interiores |
| 650 | 2 | 0 |
_966 _aRestaurantes |
| 650 | 2 | 0 |
_91490 _aComercio |
| 650 | 2 | 0 |
_91278 _aNormas técnicas |
| 650 | 2 | 0 |
_91793 _aColor en el diseño |
| 650 | 2 | 0 |
_9615 _aPlanos |
| 710 | 1 |
_aServicio Nacional de Capacitación para la Industria de la Construcción. _bEscuela Superior Técnica _91065 |
|
| 910 |
_bhfp _chfp |
||
| 942 | _cMON | ||
| 999 |
_c4532 _d4532 |
||